000 013790000a22002290004500
020 _a978-958-704-496-6
041 0 _aSPA
082 0 4 _aG 411 C424s
100 1 _aCervera Rodríguez, Ángel
245 1 0 _aSaber escribir / Ángel Cervera Rodríguez , Guillermo hernández García ; Coordinado por Jesús Sánchez Lobato
260 _aBuenos Aires: Alfaguara
300 _a513 páginas
501 _arústico
505 0 0 _aIntroducción -- La lengua española -- Comunicación y lenguaje -- Comunicación y expresión escritas -- La ortografía -- Corrección gramatical: usos y norma -- Procesos de escritura: Organización y creación textual -- Construcción y redacción del texto -- Forma y estilo de la escritura -- Modelos de textos según la modalidad: narración y descripción -- Modelos de textos según la modalidad: exposición y argumentación -- Modelos de textos según la modalidad: diálogo y forma epistolar -- La redacción de textos profesionales y administrativos -- la redacción de textos de opinión -- La escritura en las nuevas tecnologías -- Glosario
650 1 4 _aESCRITURA \ ESPAÑOL - ESCRITURA \ LINGUISTICA \ REDACCION DE ESCRITOS TECNICOS
700 1 _aHernández García, Guillermo
001 18431
942 _cBK
999 _c44867
_d44867
336 _atexto
_btxt
_2rdacontent
337 _2rdamedia
_asin mediación
_bn
338 _2rdacarrier
_avolumen
_bnc